000 00769aam a2200289 i 4500
001 768714001
003 CO-MdFUSB
005 20250424160714.0
007 ta
008 250424t1995 ck |||| |||| 00| 0 spa d
020 _a958-607-845-0
040 _cCO-MdFUSB
041 0 _aspa
082 0 4 _a239
_223
_bB8263c
100 1 _aBravo, Ernesto
_eautor
245 1 0 _aCatolicismo y protestantismo
_c/ Ernesto Bravo
264 1 _bSan Pablo,
_aBogotá, Colombia :
_c[1995]
264 4 _c©1995
300 _a206 páginas
_c; 21 cm
336 _atexto
_btxt
_2rdacontent
337 _2rdamedia
_asin mediación
_bn
338 _2rdacarrier
_avolumen
_bnc
650 7 _aIglesias protestantes
_9222
653 _aIglesias católicas
942 _cBK
945 _aJTF-925
999 _c35271
_d35271